[Event "Blitz 2018"]
[Site "Saint-Petersburg"]
[Date "2018.12.29"]
[Round "3"]
[Board "36"]
[White "Kryakvin Dmitry (RUS)"]
[Black "Zubov Alexander (UKR)"]
[Result "0-1"]
[LiveChessVersion "1.4.8"]
[BlackElo "2729"]
[WhiteElo "2536"]

1. d4 {[%clk 0:03:03]} Nf6 {[%clk 0:03:03]} 2. Bg5 {[%clk 0:03:04]} d5
{[%clk 0:03:00]} 3. e3 {[%clk 0:03:05]} c5 {[%clk 0:03:00]} 4. c3
{[%clk 0:03:06]} e6 {[%clk 0:02:52]} 5. Nd2 {[%clk 0:03:04]} Bd6 {[%clk 0:02:48]}
6. f4 {[%clk 0:02:59]} h6 {[%clk 0:02:46]} 7. Bh4 {[%clk 0:02:34]} cxd4
{[%clk 0:02:38]} 8. cxd4 {[%clk 0:02:33]} Nc6 {[%clk 0:02:10]} 9. Ngf3
{[%clk 0:02:19]} Qb6 {[%clk 0:01:56]} 10. Bxf6 {[%clk 0:02:11]} gxf6
{[%clk 0:01:57]} 11. Qb3 {[%clk 0:02:06]} Bd7 {[%clk 0:01:52]} 12. Be2
{[%clk 0:01:56]} Rc8 {[%clk 0:01:51]} 13. Rc1 {[%clk 0:01:49]} Ke7
{[%clk 0:01:43]} 14. Qxb6 {[%clk 0:01:42]} axb6 {[%clk 0:01:44]} 15. Kf2
{[%clk 0:01:43]} Na5 {[%clk 0:01:42]} 16. a3 {[%clk 0:01:30]} b5 {[%clk 0:01:40]}
17. Rhd1 {[%clk 0:01:10]} Nc4 {[%clk 0:01:34]} 18. Nxc4 {[%clk 0:01:03]} bxc4
{[%clk 0:01:34]} 19. Ne1 {[%clk 0:00:54]} Rc6 {[%clk 0:01:28]} 20. g3
{[%clk 0:00:38]} f5 {[%clk 0:01:20]} 21. g4 {[%clk 0:00:31]} Rb6 {[%clk 0:01:09]}
22. Rd2 {[%clk 0:00:31]} fxg4 {[%clk 0:01:04]} 23. Bxg4 {[%clk 0:00:33]} Ra8
{[%clk 0:01:02]} 24. Nf3 {[%clk 0:00:27]} Rb3 {[%clk 0:00:52]} 25. Ne5
{[%clk 0:00:21]} Be8 {[%clk 0:00:53]} 26. Bd1 {[%clk 0:00:21]} Rb5
{[%clk 0:00:49]} 27. Be2 {[%clk 0:00:19]} Ra6 {[%clk 0:00:48]} 28. Rcc2
{[%clk 0:00:12]} Rb3 {[%clk 0:00:48]} 29. Bd1 {[%clk 0:00:09]} Rab6
{[%clk 0:00:48]} 30. Re2 {[%clk 0:00:09]} f6 {[%clk 0:00:46]} 31. Nf3
{[%clk 0:00:07]} Bg6 {[%clk 0:00:46]} 32. Rcd2 {[%clk 0:00:09]} Rd3
{[%clk 0:00:41]} 33. Nh4 {[%clk 0:00:08]} Be4 {[%clk 0:00:41]} 34. Ba4
{[%clk 0:00:06]} e5 {[%clk 0:00:37]} 35. fxe5 fxe5 {[%clk 0:00:38]} 36. Nf3
{[%clk 0:00:07]} Bxf3 {[%clk 0:00:35]} 37. Kxf3 {[%clk 0:00:07]} e4+
{[%clk 0:00:36]} 38. Kf2 {[%clk 0:00:07]} Bxh2 {[%clk 0:00:34]} 39. Rc2
{[%clk 0:00:05]} Rg6 {[%clk 0:00:33]} 40. Kf1 {[%clk 0:00:04]} Rg1+
{[%clk 0:00:33]} 41. Kf2 {[%clk 0:00:06]} Rdd1 {[%clk 0:00:34]} 0-1

[Event "Blitz 2018"]
[Site "Saint-Petersburg"]
[Date "2018.12.29"]
[Round "3"]
[Board "37"]
[White "Vishnu Prasanna. V (IND)"]
[Black "Gelfand Boris (ISR)"]
[Result "1/2-1/2"]
[LiveChessVersion "1.4.8"]
[BlackElo "2722"]
[WhiteElo "2519"]

1. e4 {[%clk 0:03:01]} e5 {[%clk 0:03:03]} 2. Nf3 {[%clk 0:03:01]} Nf6
{[%clk 0:03:04]} 3. Nxe5 d6 4. Nf3 {[%clk 0:02:57]} Nxe4 {[%clk 0:03:07]} 5. Qe2
{[%clk 0:02:55]} Qe7 {[%clk 0:03:08]} 6. d3 {[%clk 0:02:56]} Nf6 {[%clk 0:03:10]}
7. Be3 {[%clk 0:02:56]} g6 {[%clk 0:03:02]} 8. Nc3 {[%clk 0:02:54]} Bg7
{[%clk 0:03:02]} 9. O-O-O {[%clk 0:02:52]} O-O {[%clk 0:02:59]} 10. h3
{[%clk 0:02:52]} Nc6 {[%clk 0:02:52]} 11. g4 {[%clk 0:02:52]} Nb4
{[%clk 0:02:36]} 12. Bd4 {[%clk 0:02:25]} Qxe2 {[%clk 0:02:33]} 13. Bxe2
{[%clk 0:02:26]} Be6 {[%clk 0:02:29]} 14. a3 {[%clk 0:02:25]} Nc6
{[%clk 0:02:28]} 15. Be3 {[%clk 0:02:24]} Rae8 {[%clk 0:02:17]} 16. Rhe1
{[%clk 0:02:23]} Nd5 {[%clk 0:02:02]} 17. Nxd5 {[%clk 0:02:15]} Bxd5
{[%clk 0:02:03]} 18. c4 {[%clk 0:01:50]} Be6 {[%clk 0:02:04]} 19. d4
{[%clk 0:01:41]} Bc8 {[%clk 0:01:42]} 20. d5 {[%clk 0:01:34]} Ne5
{[%clk 0:01:43]} 21. Nd4 {[%clk 0:01:15]} a6 {[%clk 0:01:43]} 22. Bf1
{[%clk 0:01:04]} Nd7 {[%clk 0:01:34]} 23. Nb3 {[%clk 0:01:01]} Nb6
{[%clk 0:01:19]} 24. Nd4 {[%clk 0:00:29]} Na4 {[%clk 0:01:03]} 25. Kc2
{[%clk 0:00:27]} Bd7 {[%clk 0:00:59]} 26. b3 {[%clk 0:00:28]} Nc5
{[%clk 0:01:01]} 27. f3 {[%clk 0:00:25]} Bc8 {[%clk 0:00:44]} 28. Bf2
{[%clk 0:00:25]} Nd7 {[%clk 0:00:45]} 29. Bg2 {[%clk 0:00:18]} Nf6
{[%clk 0:00:36]} 30. Ne2 {[%clk 0:00:16]} h5 {[%clk 0:00:35]} 31. Nc3
{[%clk 0:00:15]} hxg4 {[%clk 0:00:32]} 32. fxg4 {[%clk 0:00:12]} Nd7
{[%clk 0:00:34]} 33. Ne4 {[%clk 0:00:11]} Ne5 {[%clk 0:00:32]} 34. Bd4
{[%clk 0:00:11]} f5 {[%clk 0:00:31]} 35. gxf5 {[%clk 0:00:12]} Bxf5
{[%clk 0:00:32]} 36. Kc3 {[%clk 0:00:12]} Re7 {[%clk 0:00:26]} 37. Ng5
{[%clk 0:00:13]} Rfe8 {[%clk 0:00:27]} 38. b4 {[%clk 0:00:12]} Nd7
{[%clk 0:00:21]} 39. Rxe7 {[%clk 0:00:12]} Rxe7 {[%clk 0:00:22]} 40. Ne6
{[%clk 0:00:11]} Bxd4+ {[%clk 0:00:21]} 41. Kxd4 {[%clk 0:00:12]} Nf6
{[%clk 0:00:20]} 42. Re1 {[%clk 0:00:10]} c6 {[%clk 0:00:17]} 43. dxc6
{[%clk 0:00:07]} bxc6 {[%clk 0:00:18]} 44. Bxc6 {[%clk 0:00:06]} Rxe6
{[%clk 0:00:16]} 45. Rxe6 Bxe6 {[%clk 0:00:17]} 46. a4 {[%clk 0:00:08]} Bxh3
{[%clk 0:00:12]} 47. a5 {[%clk 0:00:08]} Kf7 {[%clk 0:00:07]} 48. b5
{[%clk 0:00:09]} Bc8 {[%clk 0:00:08]} 49. b6 {[%clk 0:00:10]} Ke7
{[%clk 0:00:08]} 50. b7 {[%clk 0:00:11]} Bxb7 {[%clk 0:00:10]} 51. Bxb7
{[%clk 0:00:12]} Kd7 {[%clk 0:00:10]} 52. Bxa6 {[%clk 0:00:12]} Kc7
{[%clk 0:00:11]} 53. Bb5 {[%clk 0:00:13]} g5 {[%clk 0:00:12]} 54. c5
{[%clk 0:00:14]} dxc5+ {[%clk 0:00:12]} 55. Kxc5 {[%clk 0:00:14]} Kb7
{[%clk 0:00:12]} 1/2-1/2

[Event "Blitz 2018"]
[Site "Saint-Petersburg"]
[Date "2018.12.29"]
[Round "3"]
[Board "38"]
[White "Guseinov Gadir (AZE)"]
[Black "Maslak Konstantin (RUS)"]
[Result "1-0"]
[LiveChessVersion "1.4.8"]
[BlackElo "2537"]
[WhiteElo "2708"]

1. e4 {[%clk 0:03:03]} d6 {[%clk 0:03:01]} 2. d4 {[%clk 0:03:04]} Nf6
{[%clk 0:03:02]} 3. Nc3 {[%clk 0:03:06]} e5 {[%clk 0:03:03]} 4. Nf3
{[%clk 0:03:06]} Nbd7 {[%clk 0:03:04]} 5. Bc4 {[%clk 0:03:08]} Be7
{[%clk 0:03:05]} 6. O-O {[%clk 0:03:08]} O-O {[%clk 0:03:05]} 7. a4
{[%clk 0:03:09]} c6 {[%clk 0:03:02]} 8. a5 {[%clk 0:03:11]} Qc7 {[%clk 0:02:57]}
9. Re1 {[%clk 0:03:12]} h6 {[%clk 0:02:55]} 10. h3 {[%clk 0:03:12]} Re8
{[%clk 0:02:51]} 11. Be3 {[%clk 0:03:11]} Nf8 {[%clk 0:02:25]} 12. Bb3
{[%clk 0:03:09]} Be6 {[%clk 0:01:58]} 13. Ba4 {[%clk 0:03:06]} Red8
{[%clk 0:01:50]} 14. Qd3 {[%clk 0:02:56]} Ng6 {[%clk 0:01:46]} 15. b4
{[%clk 0:02:51]} d5 {[%clk 0:01:17]} 16. exd5 {[%clk 0:02:47]} Nxd5
{[%clk 0:01:15]} 17. Nxd5 {[%clk 0:02:40]} Bxd5 {[%clk 0:01:15]} 18. Nd2
{[%clk 0:02:34]} Bxb4 {[%clk 0:00:59]} 19. c4 {[%clk 0:02:36]} Be6
{[%clk 0:00:57]} 20. Nf3 {[%clk 0:02:32]} Bxe1 {[%clk 0:00:55]} 21. Nxe1
{[%clk 0:02:29]} exd4 {[%clk 0:00:54]} 22. Bd2 {[%clk 0:02:30]} Ne5 23. Qg3 Kh8
{[%clk 0:00:39]} 24. Nd3 {[%clk 0:02:32]} Nxd3 {[%clk 0:00:26]} 25. Qxc7
{[%clk 0:02:33]} Nc5 {[%clk 0:00:25]} 26. Bd1 {[%clk 0:02:29]} Rac8
{[%clk 0:00:17]} 27. Qe5 {[%clk 0:02:29]} Nd3 28. Qg3 Bxc4 {[%clk 0:00:03]} 29.
Bg4 {[%clk 0:02:31]} Be6 {[%clk 0:00:04]} 30. Qxd3 {[%clk 0:02:29]} 1-0

[Event "Blitz 2018"]
[Site "Saint-Petersburg"]
[Date "2018.12.29"]
[Round "3"]
[Board "39"]
[White "Melkumyan Hrant (ARM)"]
[Black "Yudin Sergei (RUS)"]
[Result "1/2-1/2"]
[LiveChessVersion "1.4.8"]
[BlackElo "2533"]
[WhiteElo "2699"]

1. Nf3 {[%clk 0:03:03]} e6 {[%clk 0:03:03]} 2. c4 {[%clk 0:03:03]} d5
{[%clk 0:03:04]} 3. d4 {[%clk 0:03:04]} c6 {[%clk 0:03:04]} 4. e3
{[%clk 0:03:00]} Bd6 {[%clk 0:03:04]} 5. Nc3 {[%clk 0:03:00]} f5 {[%clk 0:03:05]}
6. Be2 {[%clk 0:03:01]} Nf6 {[%clk 0:03:05]} 7. Ne5 {[%clk 0:03:02]} O-O
{[%clk 0:03:03]} 8. f4 {[%clk 0:03:01]} b6 {[%clk 0:02:59]} 9. O-O
{[%clk 0:03:01]} Bb7 {[%clk 0:03:00]} 10. Bd2 {[%clk 0:02:49]} Nbd7
{[%clk 0:02:54]} 11. Bf3 {[%clk 0:02:43]} Ne4 {[%clk 0:02:49]} 12. Nxe4
{[%clk 0:02:43]} dxe4 {[%clk 0:02:18]} 13. Be2 {[%clk 0:02:35]} Nxe5
{[%clk 0:02:03]} 14. fxe5 {[%clk 0:02:36]} Be7 {[%clk 0:02:03]} 15. b4
{[%clk 0:02:37]} c5 {[%clk 0:01:56]} 16. bxc5 {[%clk 0:02:37]} bxc5
{[%clk 0:01:57]} 17. Bc3 {[%clk 0:02:37]} cxd4 {[%clk 0:01:56]} 18. Bxd4
{[%clk 0:02:26]} Qc7 {[%clk 0:01:50]} 19. Rb1 {[%clk 0:02:04]} Rad8
{[%clk 0:01:34]} 20. Qa4 {[%clk 0:01:57]} Bc6 {[%clk 0:01:35]} 21. Qa6
{[%clk 0:01:45]} Kh8 {[%clk 0:01:24]} 22. Rbd1 {[%clk 0:01:36]} h6
{[%clk 0:00:49]} 23. a4 {[%clk 0:01:35]} f4 {[%clk 0:00:42]} 24. Qxa7
{[%clk 0:01:13]} Qxa7 {[%clk 0:00:42]} 25. Bxa7 {[%clk 0:01:14]} Ra8
{[%clk 0:00:39]} 26. Bd4 {[%clk 0:01:07]} f3 {[%clk 0:00:39]} 27. gxf3
{[%clk 0:01:07]} exf3 {[%clk 0:00:40]} 28. Bd3 {[%clk 0:01:08]} Rxa4
{[%clk 0:00:40]} 29. Rf2 {[%clk 0:00:31]} Bh4 {[%clk 0:00:39]} 30. Rb2
{[%clk 0:00:32]} f2+ {[%clk 0:00:27]} 31. Kf1 {[%clk 0:00:33]} Bf3
{[%clk 0:00:27]} 32. Rdb1 {[%clk 0:00:27]} Bg4 {[%clk 0:00:21]} 33. Kg2
{[%clk 0:00:26]} Raa8 {[%clk 0:00:20]} 34. Be4 {[%clk 0:00:21]} Rac8
{[%clk 0:00:13]} 35. c5 {[%clk 0:00:18]} Bf5 {[%clk 0:00:07]} 36. Bxf5
{[%clk 0:00:09]} Rxf5 {[%clk 0:00:07]} 37. e4 {[%clk 0:00:09]} Rg5+
{[%clk 0:00:05]} 38. Kh3 {[%clk 0:00:10]} Rh5 {[%clk 0:00:04]} 39. Kg4
{[%clk 0:00:11]} g6 {[%clk 0:00:05]} 40. Bxf2 {[%clk 0:00:10]} Bxf2
{[%clk 0:00:04]} 41. Rxf2 {[%clk 0:00:11]} Rxe5 {[%clk 0:00:04]} 42. Rf7
{[%clk 0:00:05]} Rexc5 {[%clk 0:00:03]} 43. Rbb7 {[%clk 0:00:06]} Rg5+
{[%clk 0:00:04]} 44. Kf4 {[%clk 0:00:04]} e5+ {[%clk 0:00:06]} 45. Ke3
{[%clk 0:00:06]} Rc3+ {[%clk 0:00:07]} 46. Kd2 {[%clk 0:00:07]} Rc8
{[%clk 0:00:08]} 47. Rh7+ {[%clk 0:00:08]} Kg8 {[%clk 0:00:09]} 48. Rbg7+
{[%clk 0:00:09]} Kf8 {[%clk 0:00:11]} 49. Rd7 {[%clk 0:00:10]} Kg8
{[%clk 0:00:10]} 50. Rxh6 {[%clk 0:00:11]} Rf8 {[%clk 0:00:08]} 51. Rhh7
{[%clk 0:00:11]} Rf2+ {[%clk 0:00:08]} 52. Kd3 {[%clk 0:00:12]} Rf3+
{[%clk 0:00:09]} 53. Kc4 {[%clk 0:00:13]} Rf1 {[%clk 0:00:09]} 54. Rdg7+
{[%clk 0:00:11]} Kf8 {[%clk 0:00:10]} 55. Ra7 {[%clk 0:00:12]} Kg8
{[%clk 0:00:11]} 56. Kd5 {[%clk 0:00:13]} Rb1 {[%clk 0:00:04]} 57. Rag7+
{[%clk 0:00:13]} Kf8 {[%clk 0:00:06]} 58. Rc7 {[%clk 0:00:09]} Kg8
{[%clk 0:00:07]} 59. Rhg7+ {[%clk 0:00:10]} Kf8 {[%clk 0:00:07]} 60. Rh7
{[%clk 0:00:10]} Kg8 {[%clk 0:00:09]} 61. Rhd7 {[%clk 0:00:12]} Rd1+
{[%clk 0:00:09]} 62. Ke6 {[%clk 0:00:13]} Rxd7 {[%clk 0:00:10]} 63. Rxd7
{[%clk 0:00:14]} Rh5 {[%clk 0:00:11]} 64. Kf6 {[%clk 0:00:07]} Rxh2
{[%clk 0:00:08]} 65. Rd8+ {[%clk 0:00:06]} Kh7 {[%clk 0:00:09]} 66. Kxe5
{[%clk 0:00:07]} Rf2 {[%clk 0:00:05]} 67. Ke6 {[%clk 0:00:05]} g5
{[%clk 0:00:06]} 68. e5 {[%clk 0:00:04]} Kg7 {[%clk 0:00:05]} 69. Rd4
{[%clk 0:00:04]} Kg6 {[%clk 0:00:05]} 70. Rd8 {[%clk 0:00:05]} Kg7
{[%clk 0:00:06]} 71. Rd4 {[%clk 0:00:06]} Kg6 {[%clk 0:00:07]} 72. Ke7
{[%clk 0:00:07]} Kf5 {[%clk 0:00:05]} 73. e6 {[%clk 0:00:08]} Re2
{[%clk 0:00:06]} 74. Rd5+ {[%clk 0:00:05]} Kf4 {[%clk 0:00:07]} 75. Kf6
{[%clk 0:00:07]} g4 {[%clk 0:00:06]} 76. Rf5+ {[%clk 0:00:08]} Kg3
{[%clk 0:00:05]} 77. Re5 {[%clk 0:00:09]} Rf2+ {[%clk 0:00:06]} 78. Kg7
{[%clk 0:00:09]} Ra2 {[%clk 0:00:06]} 79. e7 {[%clk 0:00:09]} Ra8
{[%clk 0:00:06]} 80. e8=Q {[%clk 0:00:09]} Rxe8 {[%clk 0:00:07]} 81. Rxe8
{[%clk 0:00:10]} Kf3 {[%clk 0:00:05]} 82. Rf8+ {[%clk 0:00:10]} Ke3
{[%clk 0:00:07]} 83. Re8+ {[%clk 0:00:11]} Kf3 {[%clk 0:00:08]} 84. Kf6
{[%clk 0:00:09]} g3 {[%clk 0:00:09]} 85. Rg8 {[%clk 0:00:08]} g2 {[%clk 0:00:10]}
86. Rxg2 {[%clk 0:00:07]} Kxg2 {[%clk 0:00:11]} 1/2-1/2

[Event "Blitz 2018"]
[Site "Saint-Petersburg"]
[Date "2018.12.29"]
[Round "3"]
[Board "40"]
[White "Tukhaev Adam (UKR)"]
[Black "Korobov Anton (UKR)"]
[Result "0-1"]
[LiveChessVersion "1.4.8"]
[BlackElo "2677"]
[WhiteElo "2529"]

1. e4 {[%clk 0:03:03]} c5 {[%clk 0:03:03]} 2. Nf3 {[%clk 0:03:03]} Nc6
{[%clk 0:03:05]} 3. d4 {[%clk 0:03:04]} cxd4 {[%clk 0:03:05]} 4. Nxd4
{[%clk 0:03:05]} Qb6 {[%clk 0:03:06]} 5. Nb3 {[%clk 0:03:05]} Nf6
{[%clk 0:03:07]} 6. Nc3 {[%clk 0:03:05]} e6 {[%clk 0:03:08]} 7. Qe2
{[%clk 0:03:00]} Qc7 {[%clk 0:03:09]} 8. f4 {[%clk 0:02:40]} Bb4 {[%clk 0:03:05]}
9. Bd2 {[%clk 0:02:36]} Bxc3 {[%clk 0:03:04]} 10. bxc3 {[%clk 0:02:36]} d5
{[%clk 0:02:57]} 11. exd5 {[%clk 0:02:22]} Nxd5 {[%clk 0:02:57]} 12. g3
{[%clk 0:02:23]} O-O {[%clk 0:02:54]} 13. Bg2 {[%clk 0:02:24]} b6
{[%clk 0:02:26]} 14. O-O {[%clk 0:02:08]} Nce7 {[%clk 0:02:28]} 15. Nd4
{[%clk 0:01:04]} Bb7 {[%clk 0:02:27]} 16. Rab1 {[%clk 0:00:35]} Nxc3
{[%clk 0:02:15]} 17. Bxc3 {[%clk 0:00:36]} Qxc3 {[%clk 0:02:04]} 18. Bxb7
{[%clk 0:00:22]} Qxd4+ {[%clk 0:02:05]} 19. Kh1 {[%clk 0:00:21]} Rad8
{[%clk 0:02:05]} 20. Bf3 {[%clk 0:00:16]} Nd5 {[%clk 0:01:55]} 21. Rb3
{[%clk 0:00:16]} Qc5 {[%clk 0:01:41]} 22. c4 {[%clk 0:00:13]} Ne7
{[%clk 0:01:39]} 23. Rb5 {[%clk 0:00:13]} Qc7 {[%clk 0:01:40]} 24. Rc1
{[%clk 0:00:13]} Nf5 {[%clk 0:01:37]} 25. Rb2 {[%clk 0:00:08]} Nd4 26. Qf2 Nxf3
{[%clk 0:01:34]} 27. Qxf3 {[%clk 0:00:10]} Rd7 {[%clk 0:01:31]} 28. Kg2
{[%clk 0:00:10]} Rfd8 {[%clk 0:01:31]} 29. Kh3 {[%clk 0:00:11]} g6
{[%clk 0:01:31]} 30. Rb5 {[%clk 0:00:10]} Rd3 {[%clk 0:01:26]} 31. Qe4
{[%clk 0:00:10]} R8d4 {[%clk 0:01:22]} 32. Qa8+ {[%clk 0:00:11]} Kg7
{[%clk 0:01:23]} 33. c5 {[%clk 0:00:10]} Qxf4 {[%clk 0:01:20]} 34. cxb6
{[%clk 0:00:08]} Qg4+ {[%clk 0:01:05]} 35. Kg2 {[%clk 0:00:08]} Qe2+
{[%clk 0:01:08]} 36. Kh3 Rh4+ {[%clk 0:01:00]} 37. Kxh4 {[%clk 0:00:10]} Qxh2+
{[%clk 0:01:01]} 38. Kg4 {[%clk 0:00:11]} Qxg3# {[%clk 0:01:01]} 0-1

[Event "Blitz 2018"]
[Site "Saint-Petersburg"]
[Date "2018.12.29"]
[Round "3"]
[Board "41"]
[White "Belozerov Andrei (RUS)"]
[Black "Adly Ahmed (EGY)"]
[Result "0-1"]
[LiveChessVersion "1.4.8"]
[BlackElo "2675"]
[WhiteElo "2518"]

1. e4 {[%clk 0:03:02]} c5 {[%clk 0:03:03]} 2. Nf3 {[%clk 0:03:03]} d6
{[%clk 0:03:05]} 3. Bb5+ {[%clk 0:03:04]} Nd7 {[%clk 0:03:02]} 4. d4
{[%clk 0:03:05]} cxd4 {[%clk 0:02:53]} 5. Qxd4 {[%clk 0:03:05]} a6
{[%clk 0:02:48]} 6. Bxd7+ {[%clk 0:03:06]} Bxd7 {[%clk 0:02:48]} 7. c4
{[%clk 0:03:07]} Bc6 {[%clk 0:02:42]} 8. Nc3 {[%clk 0:03:05]} e6 {[%clk 0:02:38]}
9. O-O {[%clk 0:02:37]} Nf6 {[%clk 0:02:38]} 10. Bg5 {[%clk 0:02:37]} h6
{[%clk 0:02:38]} 11. Bxf6 {[%clk 0:02:25]} Qxf6 {[%clk 0:02:13]} 12. Qxf6
{[%clk 0:02:25]} gxf6 {[%clk 0:02:14]} 13. Nd4 {[%clk 0:02:26]} Bd7
{[%clk 0:02:09]} 14. a4 {[%clk 0:02:23]} Rc8 {[%clk 0:02:05]} 15. b3
{[%clk 0:02:24]} Rg8 {[%clk 0:02:02]} 16. Rad1 {[%clk 0:02:15]} h5
{[%clk 0:01:54]} 17. Rd3 {[%clk 0:02:10]} Be7 {[%clk 0:01:48]} 18. Rfd1
{[%clk 0:02:08]} Rc5 {[%clk 0:01:46]} 19. f4 {[%clk 0:01:47]} h4 {[%clk 0:01:26]}
20. Kf2 {[%clk 0:01:41]} Rg4 {[%clk 0:01:20]} 21. Kf3 {[%clk 0:01:10]} Rg8
{[%clk 0:01:21]} 22. R3d2 {[%clk 0:00:55]} Rh5 {[%clk 0:01:22]} 23. Ke3
{[%clk 0:00:44]} Bd8 {[%clk 0:01:20]} 24. Kf3 {[%clk 0:00:28]} Ba5
{[%clk 0:01:18]} 25. Nde2 {[%clk 0:00:25]} Bc7 {[%clk 0:01:15]} 26. Nd4
{[%clk 0:00:24]} Ke7 {[%clk 0:01:17]} 27. Nc2 {[%clk 0:00:18]} f5
{[%clk 0:01:12]} 28. exf5 {[%clk 0:00:18]} Bc6+ {[%clk 0:01:14]} 29. Ke3
{[%clk 0:00:18]} Bb6+ {[%clk 0:01:13]} 30. Kd3 {[%clk 0:00:18]} Rxf5
{[%clk 0:01:13]} 31. Re2 {[%clk 0:00:12]} Rxg2 {[%clk 0:01:07]} 32. Rxg2
{[%clk 0:00:07]} Bxg2 {[%clk 0:01:07]} 33. Ne3 {[%clk 0:00:08]} Bxe3
{[%clk 0:01:03]} 34. Kxe3 {[%clk 0:00:09]} e5 {[%clk 0:01:02]} 35. fxe5
{[%clk 0:00:08]} dxe5 {[%clk 0:01:02]} 36. Nd5+ {[%clk 0:00:07]} Ke6
{[%clk 0:01:01]} 37. Nc7+ {[%clk 0:00:08]} Kf6 {[%clk 0:01:00]} 38. Nd5+
{[%clk 0:00:09]} Kg5 {[%clk 0:01:00]} 39. Rd2 {[%clk 0:00:07]} h3
{[%clk 0:01:00]} 40. Ne7 {[%clk 0:00:06]} Rf3+ {[%clk 0:01:01]} 41. Ke2
{[%clk 0:00:06]} Rxb3 {[%clk 0:01:01]} 42. Rd8 {[%clk 0:00:07]} f5
{[%clk 0:01:01]} 43. Nd5 {[%clk 0:00:07]} Rb2+ {[%clk 0:01:01]} 44. Kd3
{[%clk 0:00:07]} f4 {[%clk 0:01:01]} 45. Rg8+ {[%clk 0:00:07]} Kf5
{[%clk 0:01:02]} 46. Ne7+ {[%clk 0:00:07]} Ke6 {[%clk 0:01:03]} 47. Rg7
{[%clk 0:00:08]} e4+ {[%clk 0:01:02]} 48. Kd4 {[%clk 0:00:09]} Rd2+
{[%clk 0:01:02]} 49. Kc5 {[%clk 0:00:11]} Rd7 {[%clk 0:01:03]} 50. Nf5
{[%clk 0:00:11]} Rxg7 {[%clk 0:01:02]} 51. Nxg7+ {[%clk 0:00:12]} Ke5
{[%clk 0:01:04]} 52. Kd4+ 0-1

[Event "Blitz 2018"]
[Site "Saint-Petersburg"]
[Date "2018.12.29"]
[Round "3"]
[Board "42"]
[White "Khismatullin Denis (RUS)"]
[Black "Geller Jakov (RUS)"]
[Result "0-1"]
[LiveChessVersion "1.4.8"]
[BlackElo "2528"]
[WhiteElo "2674"]

1. c4 {[%clk 0:03:02]} e6 {[%clk 0:03:02]} 2. Nf3 {[%clk 0:03:01]} d5
{[%clk 0:03:02]} 3. e3 {[%clk 0:03:02]} Nf6 {[%clk 0:02:59]} 4. Nc3
{[%clk 0:03:02]} Be7 {[%clk 0:02:58]} 5. b3 {[%clk 0:02:57]} O-O {[%clk 0:02:55]}
6. Bb2 {[%clk 0:02:57]} a5 {[%clk 0:02:55]} 7. Rg1 {[%clk 0:02:34]} c5
{[%clk 0:02:45]} 8. g4 {[%clk 0:02:18]} Nc6 {[%clk 0:02:28]} 9. g5
{[%clk 0:01:27]} Ne4 {[%clk 0:02:28]} 10. Qc2 {[%clk 0:01:28]} Nb4
{[%clk 0:01:22]} 11. Qb1 {[%clk 0:01:04]} Nxc3 {[%clk 0:01:19]} 12. Bxc3
{[%clk 0:00:35]} d4 {[%clk 0:01:20]} 13. exd4 {[%clk 0:00:26]} cxd4
{[%clk 0:01:20]} 14. Bxd4 {[%clk 0:00:20]} e5 {[%clk 0:01:21]} 15. Bc3
{[%clk 0:00:10]} g6 {[%clk 0:01:01]} 16. Bxb4 {[%clk 0:00:06]} Bxb4
{[%clk 0:00:54]} 17. Bd3 {[%clk 0:00:06]} e4 {[%clk 0:00:17]} 18. Bxe4
{[%clk 0:00:07]} Re8 {[%clk 0:00:18]} 19. Kf1 {[%clk 0:00:04]} Bh3+
{[%clk 0:00:18]} 20. Rg2 {[%clk 0:00:05]} Qd7 {[%clk 0:00:17]} 21. Ne1
{[%clk 0:00:03]} Bxd2 {[%clk 0:00:16]} 22. Qd3 {[%clk 0:00:03]} Bxg2+
{[%clk 0:00:15]} 23. Nxg2 {[%clk 0:00:04]} Qxd3+ {[%clk 0:00:15]} 24. Bxd3
{[%clk 0:00:05]} Rad8 {[%clk 0:00:13]} 25. Be2 {[%clk 0:00:05]} Bxg5
{[%clk 0:00:13]} 26. Bf3 {[%clk 0:00:07]} b6 {[%clk 0:00:14]} 27. Bd5
{[%clk 0:00:08]} Re7 {[%clk 0:00:10]} 28. Rd1 {[%clk 0:00:07]} b5
{[%clk 0:00:10]} 29. Ne1 {[%clk 0:00:06]} bxc4 {[%clk 0:00:10]} 30. bxc4
{[%clk 0:00:07]} Kf8 {[%clk 0:00:11]} 31. Rb1 {[%clk 0:00:05]} Red7
{[%clk 0:00:11]} 32. Rb5 {[%clk 0:00:05]} a4 {[%clk 0:00:08]} 33. Nf3
{[%clk 0:00:06]} Bf6 {[%clk 0:00:09]} 34. Ra5 {[%clk 0:00:06]} Rb8
{[%clk 0:00:09]} 35. Rxa4 {[%clk 0:00:06]} Rb2 {[%clk 0:00:09]} 36. Kg2
{[%clk 0:00:07]} Re7 {[%clk 0:00:10]} 37. Kg3 {[%clk 0:00:05]} h5
{[%clk 0:00:10]} 38. c5 {[%clk 0:00:04]} Ree2 {[%clk 0:00:07]} 39. Ra8+
{[%clk 0:00:03]} Kg7 {[%clk 0:00:08]} 40. Ra7 {[%clk 0:00:04]} Be7
{[%clk 0:00:08]} 41. c6 {[%clk 0:00:05]} Bd6+ {[%clk 0:00:08]} 42. Kh3
{[%clk 0:00:06]} Rxf2 {[%clk 0:00:08]} 43. Rxf7+ {[%clk 0:00:07]} Kh6
{[%clk 0:00:09]} 0-1